000 00566nam a22001817a 4500
005 20140801124934.0
010 _aENG-109965
020 _a9789351431473
_c150.00
035 _aEN-93498
037 _bDBAD/PUB
082 _a346.5403
100 _aRosedar, S.R.A.
245 _aLaw of torts and consumer protection act /
_cby S.R.A. Rosedar
260 _aGurgaon
_bLexis Nexis
_c2014
270 _a14th Floor, Bldg No.10, Tower-B, DLF Cyber City, Phase-II
_bGurgaon
_e122002
300 _aviii,139p.
_c22cm(pbk)
942 _2ddc
_cEN
_mROS
_h346.5403
999 _c84400
_d84400